Keating on construction contracts / (Record no. 192397)
[ view plain ]
| 000 -LEADER | |
|---|---|
| fixed length control field | 01271cam a2200349 i 4500 |
| 001 - CONTROL NUMBER | |
| control field | 991027148144607026 |
| 003 - CONTROL NUMBER IDENTIFIER | |
| control field | UkOxU |
| 005 - DATE AND TIME OF LATEST TRANSACTION | |
| control field | 20251120151553.0 |
| 008 - FIXED-LENGTH DATA ELEMENTS--GENERAL INFORMATION | |
| fixed length control field | 240724s2025 enk b 001 0 eng d |
| 020 ## - INTERNATIONAL STANDARD BOOK NUMBER | |
| International Standard Book Number | 9780414123502 |
| Qualifying information | hardback |
| 020 ## - INTERNATIONAL STANDARD BOOK NUMBER | |
| International Standard Book Number | 0414123506 |
| Qualifying information | hardback |
| 040 ## - CATALOGING SOURCE | |
| Original cataloging agency | YDX |
| Language of cataloging | eng |
| Description conventions | rda |
| Transcribing agency | YDX |
| Modifying agency | OCLCO |
| -- | YDX |
| -- | UkOxU |
| -- | MY-SjTCS |
| 043 ## - GEOGRAPHIC AREA CODE | |
| Geographic area code | e-uk--- |
| 082 04 - DEWEY DECIMAL CLASSIFICATION NUMBER | |
| Classification number | 343.41078624 |
| Item number | RAM 2025 |
| 100 1# - MAIN ENTRY--PERSONAL NAME | |
| Personal name | Ramsey, Vivian, |
| Relator term | author. |
| 9 (RLIN) | 21336 |
| 245 10 - TITLE STATEMENT | |
| Title | Keating on construction contracts / |
| Statement of responsibility, etc. | by Vivian Ramsey, Simon Hughes, Piers Stansfield. |
| 250 ## - EDITION STATEMENT | |
| Edition statement | Twelfth edition. |
| 264 #1 - PRODUCTION, PUBLICATION, DISTRIBUTION, MANUFACTURE, AND COPYRIGHT NOTICE | |
| Place of production, publication, distribution, manufacture | London : |
| Name of producer, publisher, distributor, manufacturer | Sweet and Maxwell, |
| Date of production, publication, distribution, manufacture, or copyright notice | 2025. |
| 264 #4 - PRODUCTION, PUBLICATION, DISTRIBUTION, MANUFACTURE, AND COPYRIGHT NOTICE | |
| Date of production, publication, distribution, manufacture, or copyright notice | ©2025 |
| 300 ## - PHYSICAL DESCRIPTION | |
| Extent | ccxl, 1425 pages ; |
| Dimensions | 24 cm |
| 336 ## - CONTENT TYPE | |
| Content type term | text |
| Source | rdacontent |
| 337 ## - MEDIA TYPE | |
| Media type term | unmediated |
| Source | rdamedia |
| 338 ## - CARRIER TYPE | |
| Carrier type term | volume |
| Source | rdacarrier |
| 500 ## - GENERAL NOTE | |
| General note | Previous edition: 2021. |
| 504 ## - BIBLIOGRAPHY, ETC. NOTE | |
| Bibliography, etc. note | Includes bibliographical references and index. |
| 650 #0 - SUBJECT ADDED ENTRY--TOPICAL TERM | |
| Topical term or geographic name entry element | Construction contracts |
| Geographic subdivision | Great Britain. |
| 9 (RLIN) | 9145 |
| 610 20 - SUBJECT ADDED ENTRY--CORPORATE NAME | |
| Corporate name or jurisdiction name as entry element | Institution of Civil Engineers (Great Britain). |
| Title of a work | ICE conditions of contract. |
| 610 20 - SUBJECT ADDED ENTRY--CORPORATE NAME | |
| Corporate name or jurisdiction name as entry element | Joint Contracts Tribunal. |
| Title of a work | Standard forms of building contract. |
| 700 1# - ADDED ENTRY--PERSONAL NAME | |
| Personal name | Hughes, Simon, |
| Dates associated with a name | 1971- |
| Relator term | author. |
| 9 (RLIN) | 33563 |
| 700 1# - ADDED ENTRY--PERSONAL NAME | |
| Personal name | Stansfield, Piers, |
| Relator term | author. |
| 9 (RLIN) | 308721 |
| 920 ## - Programme | |
| Programme | SABD : 338712 |
| Withdrawn status | Lost status | Source of classification or shelving scheme | Damaged status | Not for loan | Home library | Current library | Date acquired | Source of acquisition | Cost, normal purchase price | Inventory number | Total Checkouts | Barcode | Date last seen | Cost, replacement price | Price effective from | Koha item type | Public note |
|---|---|---|---|---|---|---|---|---|---|---|---|---|---|---|---|---|---|
| Dewey Decimal Classification | Taylor's Library-TU | Taylor's Library-TU | 29/10/2025 | 235 | 3914.63 | 700001785 | 5000176224 | 29/10/2025 | 3914.63 | 29/10/2025 | Main Collection | SABDx,92602,03,RA |